[Event "135th ch-New York State"]
[Site "Albany USA"]
[Date "2013.08.31"]
[Round "1"]
[White "Renna,T"]
[Black "Slomski,Matt"]
[Result "1/2-1/2"]
[WhiteElo "2362"]
[BlackElo "2023"]

1.e4 e6 2.d4 d5 3.Nd2 Be7 4.c3 c5 5.exd5 exd5 6.dxc5 Bxc5 7.Ngf3 Ne7 8.Nb3 Bb6
9.Bd3 Bf5 10.O-O O-O 11.Nfd4 Bxd3 12.Qxd3 Nbc6 13.Re1 Ng6 14.Qf5 Nxd4 15.cxd4 Qd6
16.g3 Rfe8 17.Be3 Re7 18.h4 Rae8 19.Kg2 Qe6 20.Qf3 Qe4 21.Rac1 h5 22.a4 a5
23.Bd2 Qxf3+ 24.Kxf3 Re4 25.Rxe4 Rxe4 26.Rc8+ Kh7 27.Bc3 Ne7 28.Re8 Kg6 29.Bxa5 Bxa5
30.Nxa5 b6 31.Nb3 f6 32.Rd8 Re1 33.Rd6 Rb1 34.Rxb6 Rxb2 35.a5 Nf5 36.Nc5 Nxd4+
37.Kf4 Ra2 38.Ne6  1/2-1/2

[Event "78th ch-ESP 2013"]
[Site "Linares ESP"]
[Date "2013.08.31"]
[Round "3.8"]
[White "Castellanos Rodriguez,R"]
[Black "Ruiz Sanchez,M"]
[Result "1-0"]
[WhiteElo "2510"]
[BlackElo "2221"]

1.e4 e6 2.d4 d5 3.Nd2 Be7 4.Ngf3 Nf6 5.e5 Nfd7 6.Bd3 c5 7.c3 Nc6 8.O-O a6
9.Re1 g5 10.dxc5 g4 11.Nd4 Ncxe5 12.N2b3 Nxd3 13.Qxd3 Nf8 14.f3 gxf3 15.Qxf3 Ng6
16.Bf4 O-O 17.Bg3 Bh4 18.Re2 Bxg3 19.Qxg3 Qh4 20.Qxh4 Nxh4 21.Na5 Ng6 22.Rae1 Rb8
23.c4 e5 24.Nf3 dxc4 25.Nxe5 Nxe5 26.Rxe5 Be6 27.R1e4 c3 28.bxc3 Bxa2 29.Rg4+ Kh8
30.Rb4 Rfd8 31.Nxb7 Rd1+ 32.Kf2 Bd5 33.Nd6 Rxb4 34.cxb4 Kg8 35.Re8+ Kg7 36.Nf5+ Kf6
37.Ne3 Rd2+ 38.Ke1 Rd3 39.Ke2 Rd4 40.Nxd5+ Rxd5 41.c6  1-0

[Event "20th Graz Open 2013"]
[Site "Graz AUT"]
[Date "2013.09.01"]
[Round "9.3"]
[White "Kopinits,A"]
[Black "Schnider,G"]
[Result "1/2-1/2"]
[WhiteElo "2267"]
[BlackElo "2369"]

1.e4 e6 2.d4 d5 3.Nd2 a6 4.c3 c5 5.exd5 Qxd5 6.Ngf3 cxd4 7.Nxd4 Nf6 8.Qf3 e5
9.Qxd5 Nxd5 10.N4f3 f6 11.Nc4 Nc6 12.Be2 Be6 13.a4 Be7 14.O-O g5 15.Rd1 O-O-O
16.Be3 Kc7 17.Bd3 Nxe3 18.Nxe3 Rxd3 19.Rxd3 e4 20.Nd4 exd3 21.Nxe6+ Kd7 22.Nd4 Bc5
23.Rd1 Bxd4 24.Rxd3 Re8 25.Kf1 Kc7 26.cxd4 Rd8 27.d5 Nb4 28.Rd4  1/2-1/2

[Event "78th ch-ESP 2013"]
[Site "Linares ESP"]
[Date "2013.09.01"]
[Round "4.7"]
[White "Ibarra Jerez,JC"]
[Black "Santos Ruiz,Miguel"]
[Result "1-0"]
[WhiteElo "2538"]
[BlackElo "2239"]

1.e4 e6 2.d4 d5 3.Nd2 Nc6 4.Ngf3 Nf6 5.e5 Nd7 6.Nb3 a5 7.a4 Be7 8.Bb5 Na7
9.Bd3 b6 10.O-O c5 11.c4 Bb7 12.Qe2 Rc8 13.Rd1 Qc7 14.Bf4 cxd4 15.cxd5 Bxd5
16.Nbxd4 O-O 17.h4 Nc5 18.Bc2 Qb7 19.Re1 Na6 20.Ng5 Rxc2 21.Qxc2 Bxg5 22.Bxg5 Bxg2
23.Ra3 Nb4 24.Qe2 Qd7 25.Rg3 Qxd4 26.Rd1 Qe4 27.Bf6 Rc8 28.Rxg7+ Kf8 29.Qh5  1-0

[Event "TCh-ROU 2013"]
[Site "Mamaia ROU"]
[Date "2013.09.01"]
[Round "2.2"]
[White "Baratosi,D"]
[Black "Balog,I1"]
[Result "0-1"]
[WhiteElo "2402"]
[BlackElo "2534"]

1.e4 e6 2.d4 d5 3.Nd2 Nc6 4.Ngf3 Nf6 5.e5 Nd7 6.Be2 f6 7.exf6 Nxf6 8.O-O Bd6
9.c4 O-O 10.c5 Bf4 11.Bd3 e5 12.dxe5 Bxe5 13.h3 Bf4 14.Re1 Nh5 15.Nb3 Bxc1
16.Rxc1 Nf4 17.Bf1 Qf6 18.Rc3 Kh8 19.Nbd4 Bd7 20.Rce3 Rae8 21.Nxc6 Bxc6 22.Rxe8 Bxe8
23.Ne5 c6 24.Qd2 Ng6 25.Qd4 Nh4 26.Bd3 Kg8 27.Rf1 Bg6 28.Bxg6 Nxg6 29.Nf3 Qf5
30.Re1 Nf4 31.Re3 Qg6 32.Ne1 h6 33.Kh2 Ne6 34.Qe5 Nxc5 35.Rg3 Qf6 36.Qc7 Ne4
37.Rf3 Qd6+ 38.Qxd6 Nxd6 39.Rxf8+ Kxf8 40.Kg3 Ne4+ 41.Kf3 Ke7 42.Ke3 Kd6
43.Nf3 c5  0-1

[Event "15th Trieste Open"]
[Site "Trieste ITA"]
[Date "2013.09.01"]
[Round "3"]
[White "Zuttioni,F"]
[Black "Ashiku,F"]
[Result "0-1"]
[WhiteElo "2068"]
[BlackElo "2241"]

1.e4 e6 2.d4 d5 3.Nd2 Nc6 4.Ngf3 Nf6 5.e5 Nd7 6.Nb3 a6 7.Bf4 f6 8.exf6 Nxf6
9.Ne5 Bd6 10.Bd3 O-O 11.O-O Qe8 12.Nxc6 bxc6 13.Bg3 a5 14.a4 Bxg3 15.fxg3 e5
16.dxe5 Qxe5 17.c3 c5 18.Re1 Qd6 19.Be2 Rb8 20.c4 Qb6 21.Ra3 Be6 22.Qc2 Qb4
23.Rc1 d4 24.Rd1 Bg4 25.Bf3 Rbe8 26.Qd2 Ne4 27.Qxb4 axb4 28.Raa1 Bxf3 29.gxf3 Rxf3
30.Nd2 Nxd2 31.Rxd2 b3 32.a5 Rfe3 33.Ra3 Rc3 34.a6 Rc1+ 35.Kf2 Rc2  0-1

[Event "17th Cesenatico Open"]
[Site "Cesenatico ITA"]
[Date "2013.09.02"]
[Round "3.10"]
[White "Valenti,G"]
[Black "Lucchi,L"]
[Result "1-0"]
[WhiteElo "2185"]
[BlackElo "2112"]

1.e4 e6 2.d4 d5 3.Nd2 Nc6 4.Ngf3 Nf6 5.e5 Nd7 6.Be2 f6 7.exf6 Qxf6 8.Nf1 e5
9.dxe5 Ndxe5 10.c3 Be6 11.Ne3 O-O-O 12.O-O Bd6 13.Nc2 g5 14.Nxg5 Rhg8 15.f4 Nc4
16.Nxe6 Qxe6 17.Bf3 Kb8 18.Kh1 Ne7 19.Nd4 Qh6 20.Re1 Rdf8 21.Rxe7 Bxe7 22.Bxd5 Qg6
23.Qe2 Bh4 24.Qxc4 Rg7 25.Bd2 c6 26.Bf3 Qh6 27.Kg1 Rfg8 28.Qe2 Re7 29.Qc4 Reg7
30.Qe6 Bf6 31.Nf5 Qg6 32.Nxg7 Rxg7 33.f5  1-0

[Event "15th Trieste Open"]
[Site "Trieste ITA"]
[Date "2013.09.02"]
[Round "4"]
[White "Ioffe,Ilya"]
[Black "Linder,O"]
[Result "1/2-1/2"]
[WhiteElo "1979"]
[BlackElo "1983"]

1.e4 e6 2.d4 d5 3.Nd2 Be7 4.Bd3 Nc6 5.Ngf3 dxe4 6.Nxe4 Nf6 7.O-O Nb4 8.Nxf6+ Bxf6
9.Be4 O-O 10.c3 Nd5 11.Qd3 g6 12.Bh6 Bg7 13.Bxg7 Kxg7 14.Rfe1 Bd7 15.Ne5 f6
16.Nxd7 Qxd7 17.Rad1 c6 18.h4 Rae8 19.g3 f5 20.Bf3 Nf6 21.Re5 Qd6 22.Kg2 Nd7
23.Re2 Re7 24.Qd2 Rfe8 25.Rde1 e5 26.dxe5 Qxd2 27.Rxd2 Nxe5 28.Bd1 Nc4 29.Rxe7+ Rxe7
30.Rc2 Rd7 31.Be2 Ne5 32.f3 Kf6 33.Kf2 h6 34.Ke3 Re7 35.Kf2 Rd7 36.Bf1 g5
37.Ke3 gxh4 38.gxh4 Ng6 39.Rh2 Re7+ 40.Kd2 Ne5 41.Be2 Rd7+ 42.Ke3 Re7 43.Kd2 Rd7+
44.Ke3 Re7 45.Kf4 Ng6+ 46.Kg3 Rg7 47.Kf2 f4 48.Bd3 Ne5 49.Be4 Rg3 50.b3 Rg7
51.Rg2 Rxg2+ 52.Kxg2 b6 53.b4 Ke6 54.Kf2 Kd6 55.Ke2 c5 56.Kd2 Nc4+ 57.Kc2 Ne3+
58.Kb3 b5 59.a3 c4+ 60.Kb2 Kc7  1/2-1/2

[Event "Alushta Autumn 1 2013"]
[Site "Alushta UKR"]
[Date "2013.09.04"]
[Round "3"]
[White "Yandemirov,V"]
[Black "Golubov,Saveliy"]
[Result "1/2-1/2"]
[WhiteElo "2423"]
[BlackElo "2228"]

1.e4 e6 2.d4 d5 3.Nd2 a6 4.Ngf3 c5 5.exd5 exd5 6.Be2 Nc6 7.O-O cxd4 8.Re1 Be7
9.Nb3 Nf6 10.Nfxd4 O-O 11.Bf4 Bd6 12.Nxc6 bxc6 13.Qd4 a5 14.Bxd6 Qxd6 15.Nc5 Nd7
16.Nxd7 Bxd7 17.c4 Be6 18.c5 Qb8 19.a3 Qb3 20.Bd3 Rab8 21.Re2 Kh8 22.Rae1 h6
23.h3 Rfe8 24.Kh2 Qb7 25.Bb1 Qb5 26.Bd3 Qb7 27.f4 Qc7 28.Kg1 Kg8 29.Re3 Bd7
30.Rxe8+ Bxe8 31.Re3 Kf8 32.b4 axb4 33.axb4 f6 34.Re1 Qb7 35.Rb1 Ra8 36.Kh2 Ra4
37.Bc2 Ra2 38.Bd3 Ra4 39.Bc2 Ra2 40.Rb2 Ra8 41.Bd3 Ra4 42.Bc2 Ra8 43.Bd3 Ra4
44.Bc2  1/2-1/2

[Event "17th Cesenatico Open"]
[Site "Cesenatico ITA"]
[Date "2013.09.04"]
[Round "5.4"]
[White "Drei,A"]
[Black "Stella,A"]
[Result "1/2-1/2"]
[WhiteElo "2257"]
[BlackElo "2447"]

1.e4 e6 2.d4 d5 3.Nd2 Nc6 4.Ngf3 Nf6 5.e5 Nd7 6.Be2 f6 7.exf6 Qxf6 8.Nf1 Bd6
9.Ne3 O-O 10.O-O Qg6 11.g3 Nf6 12.Nh4 Qe8 13.f4 Ne7 14.Ng4 Ne4 15.Nf3 c5
16.Bd3 Nf5 17.c3 b6 18.Qe2 Bb7 19.Be3 Qh5 20.Nge5 Bxe5 21.fxe5 Qg4 22.Rae1 h6
23.Bf2 Qh3 24.Nd2 Nxf2 25.Rxf2 cxd4 26.Bxf5 Rxf5 27.cxd4 Ba6 28.Qxa6 Rxf2
29.Kxf2 Qxh2+ 30.Ke3 Qxg3+ 31.Ke2 Qg4+ 32.Kd3 Qg6+ 33.Ke2 Qg4+ 34.Kd3 Qg6+
35.Ke2 Qg4+  1/2-1/2

[Event "12th Izmir Open"]
[Site "Izmir TUR"]
[Date "2013.09.04"]
[Round "4.18"]
[White "Kesgin,Halit Kaan"]
[Black "Gokpinar,E"]
[Result "0-1"]
[WhiteElo "1787"]
[BlackElo "2053"]

1.e4 e6 2.d4 d5 3.Nd2 Be7 4.e5 c5 5.c3 cxd4 6.cxd4 Nc6 7.Ngf3 Nh6 8.Nb3 Nf5
9.Bd3 a5 10.a4 Nb4 11.Bb5+ Bd7 12.Bxd7+ Qxd7 13.O-O b6 14.Bd2 h5 15.Bxb4 Bxb4
16.Qd3 O-O 17.Ng5 Be7 18.Nh3 Rfc8 19.Nf4 g6 20.Ne2 Rc4 21.Nc3 Rac8 22.Nb5 Bb4
23.Rac1 Qe7 24.Qe2 Qd7 25.Rfd1 Bf8 26.Rxc4 Rxc4 27.Ra1 Bh6 28.g3 Qe7 29.f4 Qb4
30.Qd3 Bf8 31.h3 h4 32.g4 Ng3 33.Kf2 Ne4+ 34.Kf3 Qxb3 35.Qxb3 Nd2+ 36.Ke3 Nxb3
37.Rg1 Nxd4  0-1

[Event "78th ch-ESP 2013"]
[Site "Linares ESP"]
[Date "2013.09.04"]
[Round "7.1"]
[White "Salgado Lopez,I"]
[Black "Lopez Martinez,Josep"]
[Result "1-0"]
[WhiteElo "2614"]
[BlackElo "2547"]

1.e4 e6 2.d4 d5 3.Nd2 Be7 4.e5 b6 5.c3 Qd7 6.Nh3 c5 7.Nf3 Ba6 8.Bxa6 Nxa6
9.O-O b5 10.Nf4 c4 11.Nh5 g6 12.Nf4 Nc7 13.h4 h5 14.Nh3 b4 15.cxb4 Bxb4 16.b3 cxb3
17.Qxb3 Be7 18.Rb1 Kf8 19.Bg5 Kg7 20.Rfc1 Bxg5 21.Nfxg5 Ne7 22.Qf3 Nf5 23.Rb7 Rhc8
24.Nf4 Nxd4 25.Qd3 Nc6 26.Nxh5+  1-0

[Event "TCh-ROU 2013"]
[Site "Mamaia ROU"]
[Date "2013.09.04"]
[Round "5.4"]
[White "Grozav,V"]
[Black "Dicu,R"]
[Result "1/2-1/2"]
[WhiteElo "2165"]
[BlackElo "2228"]

1.e4 e6 2.d4 d5 3.Nd2 Nc6 4.c3 dxe4 5.Nxe4 Qd5 6.Ng3 e5 7.dxe5 Qxe5+ 8.Be2 Bg4
9.Be3 Bxe2 10.Qxe2 g6 11.Nf3 Qe7 12.Rd1 Bh6 13.Bc5 Qxe2+ 14.Kxe2 b6 15.Ba3 Bf8  1/2-1/2

[Event "TCh-ROU 2013"]
[Site "Mamaia ROU"]
[Date "2013.09.05"]
[Round "6.2"]
[White "Daianu,C"]
[Black "Balog,I1"]
[Result "0-1"]
[WhiteElo "2233"]
[BlackElo "2534"]

1.e4 e6 2.d4 d5 3.Nd2 Nc6 4.Ngf3 Nf6 5.e5 Nd7 6.Bd3 Nb4 7.Be2 c5 8.c3 Nc6
9.O-O Be7 10.Bd3 g5 11.b4 cxd4 12.cxd4 Nxb4 13.Be2 Nc6 14.Nb3 Nf8 15.Be3 Ng6
16.Qd2 h6 17.h3 a5 18.a4 Bb4 19.Qd1 Nce7 20.g4 Bd7 21.Ne1 Nf4 22.Ng2 Neg6
23.Kh2 Qe7 24.Nc1 Nxg2 25.Kxg2 f5 26.exf6 Qxf6 27.Nd3 Bd6 28.Kg1 O-O 29.Qd2 Bc6
30.Rab1 Rae8  0-1

[Event "10th LGA Premium Cup GpB"]
[Site "Nuernberg GER"]
[Date "2013.09.05"]
[Round "1.3"]
[White "Mons,L"]
[Black "Renner,Christo"]
[Result "1-0"]
[WhiteElo "2439"]
[BlackElo "2402"]

1.e4 e6 2.d4 d5 3.Nd2 Be7 4.e5 c5 5.Qg4 g6 6.dxc5 Nd7 7.Ngf3 Nxc5 8.Nb3 h5
9.Qf4 Nd7 10.Bd3 g5 11.Qg3 g4 12.Nfd4 Nh6 13.h3 Bg5 14.hxg4 Bxc1 15.Rxc1 Nxg4
16.f4 a6 17.Be2 Rg8 18.Rxh5 Ngf6 19.Rg5 Rxg5 20.Qxg5 Ne4 21.Qxd8+ Kxd8 22.Bf3 Ndc5
23.Nxc5 Nxc5 24.Kd2 Bd7 25.Rh1 Ke7 26.g4 Rg8 27.Rh7 b6 28.Ke3 a5 29.f5 exf5
30.gxf5  1-0

[Event "12th Izmir Open"]
[Site "Izmir TUR"]
[Date "2013.09.06"]
[Round "7.12"]
[White "Odeev,H"]
[Black "Gokpinar,E"]
[Result "1-0"]
[WhiteElo "2406"]
[BlackElo "2053"]

1.e4 e6 2.d4 d5 3.Nd2 Be7 4.c3 c5 5.dxc5 Nf6 6.exd5 exd5 7.Ngf3 Bxc5 8.Bb5+ Nc6
9.Qe2+ Be7 10.Nd4 Bd7 11.N2b3 O-O 12.O-O Re8 13.Bf4 a6 14.Bd3 Bd6 15.Nxc6 bxc6
16.Qd2 Qc7 17.Bg3 Ne4 18.Bxe4 Rxe4 19.Nc5 Ree8 20.b4 Bxg3 21.hxg3 a5 22.a4 Bg4
23.Rfe1 h6 24.Rxe8+ Rxe8 25.Qf4 Qxf4 26.gxf4 axb4 27.cxb4 d4 28.f3 Bf5 29.Rd1 Rd8
30.Rd2 h5 31.a5 h4 32.Nb7 Rb8 33.Nd6  1-0

[Event "78th ch-ESP 2013"]
[Site "Linares ESP"]
[Date "2013.09.06"]
[Round "9.28"]
[White "Roman Lopez,J"]
[Black "Ruiz Sanchez,A"]
[Result "1/2-1/2"]
[WhiteElo "1914"]
[BlackElo "2191"]

1.e4 e6 2.d4 d5 3.Nd2 Be7 4.Ngf3 Nf6 5.Bd3 c5 6.c3 Nc6 7.O-O cxd4 8.e5 Ne4
9.Bxe4 dxc3 10.bxc3 dxe4 11.Nxe4 Qxd1 12.Rxd1 Nb8 13.Nfd2 Nc6 14.Nf3 O-O
15.Be3 b6 16.c4 Ba6 17.Rac1 Rfd8 18.Rc2 Ba3 19.Rxd8+ Rxd8 20.h3  1/2-1/2

[Event "TCh-ESP CECLUB Honor 2013"]
[Site "Linares ESP"]
[Date "2013.09.08"]
[Round "1.1"]
[White "Delchev,A"]
[Black "Cruz,Cr"]
[Result "1-0"]
[WhiteElo "2637"]
[BlackElo "2529"]

1.e4 e6 2.d4 d5 3.Nd2 Be7 4.e5 c5 5.Qg4 Kf8 6.dxc5 Nc6 7.Qe2 Bxc5 8.Nb3 Bb6
9.Be3 Nge7 10.f4 Nf5 11.Bf2 g5 12.g3 gxf4 13.gxf4 Bxf2+ 14.Qxf2 Qb6 15.Bd3 Qxf2+
16.Kxf2 Nh6 17.Nf3 f6 18.Rhg1 fxe5 19.fxe5 Nf7 20.Rae1 b6 21.c3 Bd7 22.Nbd4 Ke7
23.Rg7 h6 24.Reg1 Raf8 25.Nxc6+ Bxc6 26.Nh4 Kd8 27.Ng6 Nxe5+ 28.Nxf8 Rxf8+
29.Ke2 Rf3 30.Ba6 Rh3 31.Rxa7 Rxh2+ 32.Ke3 Nd7 33.Bc8 Rh3+ 34.Kd2 Rh2+ 35.Kc1 Nc5
36.b4 Nd3+ 37.Kb1 Rb2+ 38.Ka1 Re2 39.Ba6 Re1+ 40.Rxe1 Nxe1 41.Rh7 d4 42.cxd4 Nc2+
43.Kb2 Nxb4 44.Bc4 Nd5 45.Bxd5 Bxd5 46.a3 Be4 47.Rxh6 Kd7 48.Kc3 Kd6 49.Kc4 Bc6
50.Rh5 Kd7 51.Rh2 Kd6 52.Rb2 Kc7 53.Kd3 Kb7 54.Ke3 Ka6 55.Kf4 Ka5 56.Ke5 Bd5
57.Kd6 Bc4 58.a4  1-0

[Event "10th LGA Premium Cup GpB"]
[Site "Nuernberg GER"]
[Date "2013.09.08"]
[Round "6.3"]
[White "Gabriel,Ch"]
[Black "Tischbierek,R"]
[Result "1-0"]
[WhiteElo "2495"]
[BlackElo "2425"]

1.e4 e6 2.d4 d5 3.Nd2 Nc6 4.Ngf3 Nf6 5.e5 Nd7 6.Bb5 Be7 7.O-O O-O 8.Re1 Ncb8
9.c3 c5 10.Bd3 b6 11.a3 a5 12.Qc2 h6 13.Nf1 Ba6 14.Bxa6 Rxa6 15.Qe2 Ra7 16.Ng3 Re8
17.Nh5 Nf8 18.Be3 Ng6 19.Nd2 Qc8 20.f4 Qa6 21.Qf2 cxd4 22.cxd4 Nd7 23.f5 exf5
24.Qxf5 Ndf8 25.Rf1 Bd8 26.Qf3 Qd3 27.Nxg7  1-0

[Event "US Chess League 2013"]
[Site "chess.com INT"]
[Date "2013.09.11"]
[Round "3"]
[White "Arencibia,A"]
[Black "Duckworth,W"]
[Result "1/2-1/2"]
[WhiteElo "2133"]
[BlackElo "2246"]

1.e4 e6 2.d4 d5 3.Nd2 Nc6 4.Ngf3 Nf6 5.e5 Ne4 6.Bd3 Nxd2 7.Bxd2 Nb4 8.Be2 c5
9.Bxb4 cxb4 10.O-O Be7 11.Ne1 Bd7 12.f4 Qb6 13.Nf3 g6 14.Bd3 Bb5 15.h3 Rc8
16.Rf2 Bxd3 17.Qxd3 h5 18.g3 Qc6 19.Qe3 a5 20.Kg2 Qa4 21.Qd3 Rc7 22.Ne1 Kd7
23.Qb3 Qc6 24.Rd1 b5 25.Qe3 Qc4 26.b3 Qc6 27.Nd3 Qb6 28.Rdd2 Rc3 29.Rfe2 Rhc8
30.Qf2 Qa7 31.Ne1 a4 32.Re3 axb3 33.axb3 Qa1 34.Rxc3 bxc3 35.Re2 Qa7 36.Qe3 Bd8
37.Nf3 Qa5 38.Qd3 Ra8 39.Re1 Bb6 40.Ng5 Ke7 41.Nf3 Qb4 42.Re3 Rc8 43.Re1 Qa5
44.Rd1 Rc7 45.Re1 Kd7 46.g4 hxg4 47.hxg4 Kc6 48.f5 gxf5 49.gxf5 Kb7 50.Rh1 b4
51.f6 Kc6 52.Ng5 Qa7 53.Nf3 Rc8 54.Kf2 Rg8 55.Rg1 Rxg1 56.Kxg1 Qa1+ 57.Kg2 Qc1
58.Qh7 Qd1 59.Qxf7 Qxc2+ 60.Kg3 Qf5 61.Qe8+ Kb7 62.f7 Qg6+ 63.Kh3 Qf5+ 64.Kg3 Qg6+
65.Kf2 Qc2+ 66.Kg3 Qg6+ 67.Kh2  1/2-1/2

[Event "Alushta Autumn 4 2013"]
[Site "Alushta UKR"]
[Date "2013.09.12"]
[Round "3"]
[White "Pavlov,Ma"]
[Black "Bajarani,U"]
[Result "1/2-1/2"]
[WhiteElo "2408"]
[BlackElo "2436"]

1.e4 e6 2.d4 d5 3.Nd2 Be7 4.Bd3 c5 5.dxc5 Nf6 6.Qe2 O-O 7.Ngf3 a5 8.O-O Na6
9.e5 Nd7 10.Nb3 a4 11.Nbd4 Ndxc5 12.Bf4 a3 13.b3 Nb4 14.Bb5 Bd7 15.Bxd7 Qxd7
16.c3 Nc6 17.Nb5 h6 18.Rfd1 Rfd8 19.Rac1 Ne4 20.Nfd4 Nxd4 21.cxd4 Rdc8 22.f3 Ng5
23.Nd6 Rc6 24.Rxc6 bxc6 25.Rc1 f6 26.Qc2 Ra6 27.Bxg5 hxg5 28.Qc5 Bxd6 29.exd6 Kf7
30.Kf1 Ke8 31.Re1 Qc8 32.Qc1 Kd7 33.f4 gxf4 34.Qxf4 Qf8 35.Qg4 Qf7 36.Qg3 Ra8
37.Rc1 Qf8 38.h4 g5 39.Qd3 f5 40.hxg5 Qxd6 41.Qc3 Rg8 42.b4 Rxg5 43.b5 Rh5
44.bxc6+ Kc8 45.Ke2 Qh2 46.Kf2 Rg5 47.Rg1 Qf4+ 48.Ke2 Rg3 49.Qb4 Qe3+ 50.Kf1 Qd3+  1/2-1/2

[Event "31st World Junior Girls"]
[Site "Kocaeli TUR"]
[Date "2013.09.13"]
[Round "1.38"]
[White "Qiu,Mengjie"]
[Black "Adanmis,Ezgi"]
[Result "1-0"]
[WhiteElo "2091"]
[BlackElo "1499"]

1.e4 e6 2.d4 d5 3.Nd2 Nc6 4.Ngf3 e5 5.dxe5 dxe4 6.Nxe4 Qxd1+ 7.Kxd1 Bg4 8.Bf4 Nge7
9.Be2 Ng6 10.Bg3 Bxf3 11.Bxf3 Ngxe5 12.Be2 O-O-O+ 13.Kc1 Nd4 14.Bd1 Ndc6
15.f4 Nc4 16.Ng5 Nd6 17.Re1 h6 18.Nf3 Be7 19.c3 Rhe8 20.Ba4 b5 21.Bc2 Bf6
22.Ne5 Nb8 23.a4 a6 24.axb5 axb5 25.Bb3 Re7 26.Ng4 Rxe1+ 27.Bxe1 Be7 28.Ne5 f5
29.Ra7 Nc4 30.Nxc4 bxc4 31.Bxc4 Bc5 32.Be6+ Rd7 33.Ra8 Kb7 34.Rxb8+ Kxb8
35.Bxd7 Be3+ 36.Bd2 Bb6 37.Bxf5  1-0

[Event "TCh-ESP CECLUB Honor 2013"]
[Site "Linares ESP"]
[Date "2013.09.13"]
[Round "6.3"]
[White "Naiditsch,A"]
[Black "Vallejo Pons,F"]
[Result "1-0"]
[WhiteElo "2710"]
[BlackElo "2706"]

1.e4 e6 2.d4 d5 3.Nd2 Be7 4.Ngf3 Nf6 5.e5 Nfd7 6.Bd3 c5 7.c3 Nc6 8.O-O a5
9.Re1 cxd4 10.cxd4 Qb6 11.a4 Nxd4 12.Nxd4 Qxd4 13.Nf3 Qb6 14.Be3 Nc5 15.Bb5+ Bd7
16.Bxd7+ Kxd7 17.Nd4 Qb4 18.Qf3 Rhf8 19.Red1 Nxa4 20.Nf5 Nxb2 21.Rxd5+ exd5
22.Qxd5+ Kc7 23.Rc1+ Kb8 24.Nxe7 Qxe7 25.Bc5 Rd8 26.Bd6+ Rxd6 27.exd6 Qd8
28.Rc7 Ra7 29.Qxf7 Nd3 30.Re7 Ra6 31.Rxb7+ Kc8 32.Rc7+ Kb8 33.Rb7+ Ka8 34.Rd7 Qc8
35.Rc7  1-0

[Event "TCh-ESP CECLUB Honor 2013"]
[Site "Linares ESP"]
[Date "2013.09.13"]
[Round "6.1"]
[White "Almagro Llamas,P"]
[Black "Moskalenko,V1"]
[Result "1/2-1/2"]
[WhiteElo "2477"]
[BlackElo "2524"]

1.e4 e6 2.d4 d5 3.Nd2 Be7 4.Ngf3 Nf6 5.Bd3 c5 6.exd5 Qxd5 7.dxc5 Qxc5 8.O-O Nbd7
9.a3 Qc7 10.Qe2 b6 11.c4 Bb7 12.b3 Rd8 13.b4 O-O 14.Bb2 Rfe8 15.Rfd1 a5 16.Rab1 axb4
17.axb4 e5 18.Ba1 e4 19.Nxe4 Nxe4 20.Bxe4 Bf6 21.Nd2 Bxa1 22.Rxa1 Bxe4 23.Nxe4 f5
24.c5 Rxe4 25.Qa2+ Kf8 26.Rd5 Re5 27.Rad1 bxc5 28.bxc5 Rde8 29.Kf1 Nxc5 30.Qc4 Qe7
31.g3 g6 32.Qc3 Ne4 33.Qb2 Nf6 34.Rd6 Re1+ 35.Rxe1 Qxe1+ 36.Kg2 Ng8 37.Rd7 Qe4+
38.Kh3 Qg4+ 39.Kg2 Qe4+ 40.Kh3 Qe5 41.Qxe5 Rxe5 42.Rxh7 Re2 43.Kg2 Nf6 44.Rh4 Ng4
45.h3 Nxf2 46.Kf3 Rb2 47.g4 Kg7 48.gxf5 gxf5 49.Rh5 Kf6 50.Rh8 Nxh3 51.Rxh3 Rb3+
52.Kf4 Rxh3  1/2-1/2

[Event "Faergen Cup 2013"]
[Site "Allinge DEN"]
[Date "2013.09.14"]
[Round "7.4"]
[White "Westerinen,H"]
[Black "Johnsen,G"]
[Result "1-0"]
[WhiteElo "2281"]
[BlackElo "2171"]

1.e4 e6 2.d4 d5 3.Nd2 Nc6 4.Ngf3 Nf6 5.e5 Nd7 6.Be2 Be7 7.Nf1 O-O 8.Ne3 f6
9.exf6 Nxf6 10.O-O Bd6 11.c4 b6 12.b3 Ne7 13.Bb2 Bb7 14.Ne5 c5 15.f4 Nf5
16.Nxf5 exf5 17.Bf3 Ne4 18.Qe2 Bxe5 19.fxe5 cxd4 20.Rad1 Qe7 21.cxd5 Bxd5
22.Rxd4 Qe6 23.Rfd1 Bb7 24.Rd7 Rf7 25.Qc4 Qxc4 26.bxc4 Re8 27.Rd8 Re7 28.Rxe8+ Rxe8
29.Rd7 Ba6 30.e6 Rxe6 31.Rxg7+ Kf8 32.Rxh7 Bxc4 33.Rxa7 b5 34.Bh5 Rc6 35.Ra8+ Ke7
36.Ra7+ Kf8 37.Bg7+ Kg8 38.Bd4 Rd6 39.Ra8+  1-0

[Event "Faergen Cup 2013"]
[Site "Allinge DEN"]
[Date "2013.09.15"]
[Round "8.9"]
[White "Thjomoe,H"]
[Black "Petersson,G"]
[Result "0-1"]
[WhiteElo "1862"]
[BlackElo "2167"]

1.e4 e6 2.d4 d5 3.Nd2 Nc6 4.c3 e5 5.exd5 Qxd5 6.Qf3 Qxf3 7.Ngxf3 exd4 8.cxd4 Nb4
9.Kd1 Bf5 10.Bb5+ c6 11.Re1+ Ne7 12.Ba4 O-O-O 13.Ne4 Nd3 14.Nfg5 Bg6 15.Nc3 Nxe1
16.Kxe1 h6 17.Nf3 Nf5 18.d5 b5 19.Bb3 b4 20.Ne2 cxd5 21.Bf4 Bd6 22.Rc1+ Kb8
23.Ne5 Ne7 24.Nd4 Kb7 25.Nb5 Bb8 26.a3 bxa3 27.bxa3 Rhe8 28.Kf1 Bxe5  0-1

[Event "Faergen Cup 2013"]
[Site "Allinge DEN"]
[Date "2013.09.15"]
[Round "8.4"]
[White "Westerinen,H"]
[Black "Sorensen,B"]
[Result "1/2-1/2"]
[WhiteElo "2281"]
[BlackElo "2257"]

1.e4 e6 2.d4 d5 3.Nd2 Be7 4.e5 c5 5.c3 Nc6 6.Ndf3 Bd7 7.a3 cxd4 8.cxd4 Qb6
9.b4 h5 10.Ne2 Rc8 11.Bd2 Nh6 12.Bc3 Nf5 13.Qd2 a6 14.Ng3 Nxg3 15.hxg3 Na7
16.g4 h4 17.g5 Qc6 18.Rc1 Qa4 19.Bb2 Rxc1+ 20.Qxc1 a5 21.bxa5 Nb5 22.Bd3 Qxa5+
23.Qd2 Qxd2+ 24.Kxd2 Bc6 25.a4 Na3 26.Bxa3 Bxa3 27.Bb5 Be7 28.Bxc6+ bxc6
29.Rb1 Bd8 30.Ke3 Kd7 31.Kf4 f6 32.gxf6 gxf6 33.a5 Bc7 34.a6 Ra8 35.Ra1 c5
36.Kg4 fxe5 37.Nxe5+ Bxe5 38.dxe5 Kc6 39.Kxh4 d4 40.Kg4 c4 41.Kf3 Kc5 42.Ke4 d3
43.Ke3 Kb4 44.Kd2 c3+ 45.Kxd3 Rd8+ 46.Ke4 c2 47.Rc1 Kc3 48.f4 Rd4+ 49.Ke3 Rd3+
50.Ke4 Rd4+ 51.Ke3 Rd3+ 52.Ke4 Rd4+ 53.Ke3 Rd1 54.Rxc2+ Kxc2 55.g4 Rd5 56.Ke4 Ra5
57.f5 Ra4+ 58.Kf3 exf5 59.gxf5 Rxa6 60.e6  1/2-1/2

[Event "52nd World Juniors"]
[Site "Kocaeli TUR"]
[Date "2013.09.15"]
[Round "3.22"]
[White "Kathmale,S"]
[Black "Cori,J"]
[Result "0-1"]
[WhiteElo "2339"]
[BlackElo "2587"]

1.e4 e6 2.d4 d5 3.Nd2 Nc6 4.Ngf3 Nf6 5.e5 Nd7 6.Bd3 f6 7.exf6 Qxf6 8.O-O Bd6
9.Re1 O-O 10.c3 Kh8 11.Nf1 e5 12.Ne3 Nb6 13.dxe5 Nxe5 14.Nxe5 Bxe5 15.Kh1 Bd6
16.f3 Bd7 17.Nf1 Rae8 18.Be3 Bf5 19.Bd4 Qg6 20.Bxf5 Qxf5 21.Qd2 c5 22.Bg1 Nc4
23.Qf2 Ne5 24.Ne3 Qg6 25.Red1 Nd3 26.Qf1 c4 27.b3 Bxh2 28.Kxh2 Qh6+ 29.Kg3 g5  0-1

[Event "1st League Cent-SRB 2013"]
[Site "Kragujevac SRB"]
[Date "2013.09.15"]
[Round "2.5"]
[White "Marinkovic,Sl"]
[Black "Zajic,Milan"]
[Result "1/2-1/2"]
[WhiteElo "2388"]
[BlackElo "2302"]

1.e4 e6 2.d4 d5 3.Nd2 Nc6 4.Ngf3 Nf6 5.e5 Nd7 6.Be2 Be7 7.Nf1 O-O 8.Ne3 f6
9.exf6 Nxf6 10.O-O Bd6 11.c4 b6 12.b3 Bb7 13.Bb2 Ne7 14.Ne5 c5 15.Bf3 Qc7
16.cxd5 Bxe5 17.dxe5 Nfxd5 18.Nc4 Nf5 19.Be4 Nf4 20.Qc2 Rad8 21.Rad1 Bd5
22.Bc1 Nd4 23.Rxd4 cxd4 24.Bxh7+ Kh8 25.Bxf4 Rxf4 26.Nd6 Qe7 27.Qd2 Rh4 28.Bd3 Rf8
29.f4 Rg4 30.Be4 Bxe4 31.Nxe4 d3 32.g3 Rg6 33.Qxd3 Rh6 34.Rd1 Qf7 35.Qe2 Qc7
36.Rd2 Kg8 37.Ng5 Rd8 38.Rxd8+ Qxd8 39.h4 Qd4+ 40.Kh2 Kf8 41.Qa6 Qd7 42.Qc4 Qd2+
43.Kh3 Qd7 44.Ne4 Rh8 45.Nd6 g6 46.b4 Kg7 47.b5 Qe7 48.Qc6 Rd8 49.Kg4 Rh8
50.Kf3 Rd8 51.Kg4 Rh8 52.Ne4 Rf8 53.Ng5 Re8 54.h5 gxh5+ 55.Kxh5 Rh8+ 56.Kg4 Rh6
57.a3 Rg6 58.Qc8 Rh6 59.a4 Rg6 60.Qc4 Qd7 61.Kf3 Qd1+ 62.Kf2 Qd2+ 63.Kf3 Qd1+
64.Kf2 Qd2+ 65.Kf3 Qd1+ 66.Kf2  1/2-1/2

[Event "TCh-CRO Ia Liga 2013"]
[Site "Bol CRO"]
[Date "2013.09.16"]
[Round "3.2"]
[White "Segovic,G"]
[Black "Plenca,J"]
[Result "0-1"]
[WhiteElo "2191"]
[BlackElo "2345"]

1.e4 e6 2.d4 d5 3.Nd2 Nc6 4.Ngf3 Nf6 5.e5 Nd7 6.c3 f6 7.exf6 Qxf6 8.g3 e5
9.Bg2 e4 10.Ng1 Nb6 11.Ne2 Bf5 12.O-O O-O-O 13.a4 a5 14.b3 h5 15.h4 Qf7 16.f4 Bg4
17.Re1 Ne7 18.Nf1 Nf5 19.Ba3 Bxa3 20.Rxa3 Rh6 21.Qd2 Rg6 22.Ra2 Bxe2 23.Qxe2 Nxg3
24.Nxg3 Rxg3 25.c4 Rxb3 26.cxd5 Nxd5 27.Qxe4 Nc3 28.Qc2 Nxa2 29.Qxa2 Qc4
30.d5 Qd4+ 31.Kh1 Rb2 32.Qa3 Kb8 33.Re7 Qf2 34.Rxg7 Qxh4+ 35.Kg1 Rb1+ 36.Bf1 Qxf4  0-1

[Event "FSFMA Sept 2013"]
[Site "Budapest HUN"]
[Date "2013.09.16"]
[Round "8.4"]
[White "Bodi,Ti"]
[Black "Farkas,R"]
[Result "1-0"]
[WhiteElo "2035"]
[BlackElo "2173"]

1.e4 e6 2.d4 d5 3.Nd2 Nc6 4.Ngf3 Nf6 5.e5 Nd7 6.c3 a5 7.Bd3 b6 8.Qe2 Bb7
9.O-O Be7 10.Ne1 Qc8 11.f4 Ba6 12.f5 Bxd3 13.Nxd3 Qa6 14.fxe6 fxe6 15.Qh5+ g6
16.Qh3 Nf8 17.Nf4 Qc8 18.Qh6 Rg8 19.Nf3 Qd7 20.Nh3 Nd8 21.Nfg5 Bxg5 22.Bxg5 Nf7
23.Qh4 h6 24.Bf6 Qb5 25.Rf2 Qd3 26.Raf1 g5 27.Qg4 Qg6 28.Qe2 c6 29.c4 Kd7
30.Re1 dxc4 31.Qxc4 Ra7 32.Rc2 Rc7 33.Nf2 Qf5 34.Rec1 Ng6 35.b4 Nf4 36.b5 c5
37.dxc5 Rxc5 38.Qd4+ Ke8 39.Rxc5 Qxf6 40.Rc8+ Nd8 41.exf6 Ne2+ 42.Kf1 Nxd4
43.R1c7  1-0

[Event "31st World Junior Girls"]
[Site "Kocaeli TUR"]
[Date "2013.09.16"]
[Round "4.33"]
[White "Zdilar,Emilija"]
[Black "Adanmis,Ezgi"]
[Result "0-1"]
[WhiteElo "1885"]
[BlackElo "1499"]

1.e4 e6 2.d4 d5 3.Nd2 Nc6 4.Ngf3 Nf6 5.e5 Nd7 6.c3 f6 7.exf6 Qxf6 8.Bb5 Ncb8
9.O-O Bd6 10.Nb3 O-O 11.Be3 c6 12.Be2 e5 13.dxe5 Nxe5 14.Nbd4 Nbd7 15.Rc1 Ng4
16.Bd2 Nde5 17.Kh1 c5 18.Bg5 Qg6 19.Nb5 Be6 20.Nxd6 Nxf3 21.Be7 Nfxh2 22.Bxf8 Nxf1  0-1